000 00644nam a2200205Ia 4500
003 OSt
005 20251205122822.0
008 220917b |||||||| |||| 00| 0 eng d
037 _cTB
040 _aARTS
_cARTS
_beng
041 _2eng
_aeng
084 _aQ7:33 M1
_qAL
100 _aKhan, Syed Ahmed
_948913
245 0 _aEssays on the life of Mohammed and subjects subsidiary there to
260 _aDelhi, India:
_bIdarah-I Adabiyat-i Delli India;
_c1870.
490 _aIAD religio-philosophy (Reprin) series; 28
650 _aRELIGION
_9854864
942 _hQ7:33 M1
_cTB
_2CC
_n0
999 _c151566
_d151566